00000000nam##2200000za#4500
0019.615228
003CaOODSP
00520200514165618
007ta
008150406|2000||||xxc|||||     f|0| 0 eng|d
020 |a0-662-29057-7
040 |aCaOODSP|beng
043 |an-cn---
0861 |aNH17-50/1996E
1102 |aCanada Mortgage and Housing Corporation.
24510|aAssessment repair strategy for existing buildings constructed with masonry veneer steel stud walls / |cprepared by T. W. J. Trestain.
260 |aOttawa - Ontario : |bCanada Mortgage and Housing Corporation |c2000.
300 |aProcessed. : |bfigs., illus., references, tables ; |c28 cm.
4901 |aResearch report
500 |a"This document is intended to define state-of-the-art "good practice", a needed reference point upon which evaluations of deficiencies, renovation strategies and construction methods can be based."--Executive summary.
5203 |aThis document is intended to define state-of-the-art good practice, a needed reference point upon which evaluations of deficiencies, renovation strategies and construction methods can be based.--Executive summary
563 |aSoftcover
590 |a00-23|b2000-06-09
69007|aHome renovations|2gcpds
69007|aBuildings|2gcpds
69007|aConstruction materials|2gcpds
7201 |aTrestain, T. W. J.
7760#|tAssessment repair strategy for existing buildings constructed with masonry veneer steel stud walls / |w(CaOODSP)9.569508
830#0|aResearch report.|w(CaOODSP)9.514822